000 00365nam a22001337a 4500
008 131220b xxu||||| |||| 00| 0 eng d
020 _a0901819581
050 _aLC191.D274
100 _aDay, Pauline
_96440
245 _aSocial Development
_cPauline Day
260 _aLondon
_bThe National Society
_c1997
300 _aviii, 84p.;
_c21cm.
942 _2lcc
_cMONOGRAPH
999 _c119476
_d119476